Bizardný život režiséra Juraja Jakubiska : "Kamera mala toľko kíl ako ja a behal som s ňou cez kopce"

Podrobná bibliografia
Hlavní autori: Paňáková, Ľudmila (Author), Jakubisko, Juraj (Author)
Médium: Článok
Jazyk:Slovak
Vydané: 1999
Témy:
Zdroj: 1. Košický večer 1. Roč. 10, č. 198(1999), dát. 1014, s. 6
LEADER 00887nab#a2200313#ar4500
001 000008713
003 SVKKK
005 20030804090938.0
008 030804c1999 e sloo
FMT
038 |a SVKKK 
040 |a SVKKK  |b slo  |e AACR2 
041 0 |a slo 
080 |a 791.4  |2 1981 
080 |a 92  |2 1981 
100 1 |a Paňáková, Ľudmila  |4 aut 
245 1 0 |a Bizardný život režiséra Juraja Jakubiska :  |b "Kamera mala toľko kíl ako ja a behal som s ňou cez kopce"  |c Paňáková Ľudmila, , Jakubisko Juraj 
260 |c 1999 
650 0 4 |a film  |z Jakubisko, Juraj (slovenský režisér) 
650 0 4 |a hosťovanie  |z Košice 
650 0 4 |a rozhovory 
700 1 |a Jakubisko, Juraj  |4 aut 
773 0 |t Košický večer  |g Roč. 10, č. 198(1999), dát. 1014, s. 6 
957 |a Košice 
974 |a Cr 
992 |a RBX 
BAS
852 |a SVKKK  |b BIB 
998 |a REG